000 00310nam a2200121Ia 4500
008 190216s9999||||xx |||||||||||||| ||und||
100 _aRaja Raman V & Sahasrabuddhe
245 0 _aComputer Programming In Cobol
260 _bPentice Hall Of India
_c1991
300 _a267p
650 _aComputer
942 _cBK
999 _c8372
_d8372